000 00414nam a22001697a 4500
003 MPLRDC
005 20220104123639.0
008 210129b ||||| |||| 00| 0 eng d
082 _a528.93 ZBZN
100 _a竹本正男
245 _a女子体操竞技
_c陈宝莲译
260 _a
_b王家出版社
_c
300 _b
490 _a王家体育教室. 39
650 _a体操
942 _cBK
_o528.93 ZBZN
999 _c13065
_d13055